000 00788nam a2200241Ia 4500
003 GCL
008 140319s9999 xx 000 0 ara d
020 _a785887977
040 _aGCL /
_cGCL
082 0 4 _a365.45
_bس ج
100 1 _aسامح الدهشان
245 1 0 _aجوانتانامو المعتقل الرهيب /
_cسامح الدهشان
700 1 _aاميرة فكرى
250 _aالاولى
260 _aالقاهرة :
_bدار الاحمدى للنشر ،
_c2006
300 _a277ص ؛
_c24سم
650 0 4 _aحقوق الانسان
650 0 4 _aالمسجونون السياسيون
650 0 4 _aالسجون السياسية
650 0 4 _aجوانتانامو
650 0 4 _aالمسجونون السياسيون المسلمون
942 _2ddc
_cBK
999 _c8643
_d8643